opac header logoIBA Library
Normal view MARC view

Entry Topical Term

Number of records used in: 3

001 - CONTROL NUMBER

  • control field: 316

003 - CONTROL NUMBER IDENTIFIER

  • control field: BD-DhUIB

005 - DATE AND TIME OF LATEST TRANSACTION

  • control field: 20210508113642.0

008 - FIXED-LENGTH DATA ELEMENTS

  • fixed length control field: 210508|| aca||aabn | a|a d

040 ## - CATALOGING SOURCE

  • Original cataloging agency: BD-DhUIB
  • Transcribing agency: BD-DhUIB

150 ## - HEADING--TOPICAL TERM

  • Topical term or geographic name entry element: Leadership

670 ## - SOURCE DATA FOUND

  • Source citation: Work cat.: (BD-DhUIB)74: Barrett, Deborah J. 139, Leadership Communication /, c2008.
Copyright © 2021-2026 | IBA Library
Institute of Business Administration (IBA)
University of Dhaka
Library Home | IBA Home